000 02085cam a22004574i 4500
003 PE-LiUPU
005 20250731175637.0
008 150706s2008 xxu r 000 0 spa d
020 _a9781405881869
035 _a(Sirsi) i9781405881869
040 _aPE-LiUPU
_bspa
_cPE-LiUPU
_erda
049 _aPRUA
082 0 4 _a428.6461
_bPR 3h
_221
100 1 _aShakespeare, William,
_eautor.
245 1 0 _aHamlet /
_cWilliam Shakespeare.
264 1 _aHarlow :
_bPearson Education,
_c2008 centímetros.
300 _a2 CD-ROM
300 _a54 páginas ;
_c20 centímetros.
336 _atext
_2rdacontent
337 _aunmediated
_2rdamedia
338 _avolume
_2rdacarrier
490 0 _aPenguin Readers ;
_vLevel 3
505 0 _aThe people in the play -- The ghost on the castle wall -- The mad prince -- Dark secrets -- Wicked plans -- Final acts of revenge -- Activities -- Word list.
526 _aP145
526 _aP127
526 _aP97
526 _aP35
526 _aP14
526 _aP07
541 _g002-0046574;
541 _g016-0016272;
650 0 4 _aInglés
_vLibros de Lectura.
910 _cjck
_d20120510
942 _2ddc
_cBOOK
949 _a428.6461 PR 3H
_wDEWEY
_c1
_i62170
_d2015-8-24
_e2015-8-11
_lCCODEBUL1
_mBUL
_n2
_p9.00
_r0
_sY
_tBOOK
_u2015-7-6
_xEDUCACION
_PP20
_0COMPRA
_o.STAFF. Colección General
949 _a428.6461 PR 3H
_wDEWEY
_c2
_i64621
_d2015-8-21
_e2015-8-11
_lCCODEBUL1
_mBUL
_n2
_p5.00
_r0
_sY
_tBOOK
_u2015-7-6
_xEDUCACION
_PP20
_0COMPRA
_o.STAFF. Colección General
994 _aC0
_bPEPRU
596 _a1
999 _a428.6461 PR 3H
_wDEWEY
_c51316
_i62170
_d51316
_e2018-3-21
_f2021-11-8
_g5
_lCCODEBUL1
_mBUL
_n3
_p9.00
_r0
_sY
_tBOOK
_u2015-7-6
_xEDUCACION
_PP20
_0COMPRA
_o.STAFF. Colección General
999 _a428.6461 PR 3H
_wDEWEY
_c2
_i64621
_d2018-3-21
_e2018-3-21
_f2021-11-8
_g5
_lCCODEBUL1
_mBUL
_n3
_p5.00
_r0
_sY
_tBOOK
_u2015-7-6
_xEDUCACION
_PP20
_0COMPRA
_o.STAFF. Colección General
980 _81
_gALBERTO SANCHEZ Responsable de Automatización